Guess the country by Country shape - Statistics

General Stats
  • This quiz has been taken 53 times
  • The average score is 6 of 6
Answer Stats
Question Answer % Correct
How many states are there in the USA 50
100%
Same question Canada
100%
Name the countries USA borders? Mexico
100%
Name the US capital Washington D.C
100%
What continent is USA located on North America
98%
Name the first President of the US George Washington
83%
No matching quizzes found
Score Distribution
Percent of People with Each Score
Percentile by Number Answered
Your Score History
You have not taken this quiz